Sobrevivência de plântulas, características fotossintéticas e crescimento de Discocarpus pedicellatus (Phyllanthaceae) (Registro n. 329803)
[ somente texto ]
| 000 -LÍDER | |
|---|---|
| fixed length control field | 04770nab a2200325 i 4500 |
| 003 - CÓDIGO MARC DA AGÊNCIA CATALOGADORA | |
| Campo de controle | BR-BrBNA |
| 005 - DATA E HORA DA ÚLTIMA ATUALIZAÇÃO | |
| Campo de controle | 20250204074651.0 |
| 008 - CAMPO DE TAMANHO FIXO | |
| fixed length control field | 250204b2013 bl.qr|pooa||| 00| 0 por | |
| 040 ## - FONTE DA CATALOGAÇÃO | |
| Agência catalogadora | BR-BrBNA |
| Idioma da catalogação | por |
| 072 ## - CATEGORIA AGRIS | |
| Código AGRIS | F61 |
| 072 ## - CATEGORIA AGRIS | |
| Código AGRIS | F62 |
| 072 ## - CATEGORIA AGRIS | |
| Código AGRIS | K10 |
| 100 ## - ENTRADA PRINCIPAL - NOME PESSOAL | |
| Nome pessoal | Mercês, Dinara de Andrade |
| 100 ## - ENTRADA PRINCIPAL - NOME PESSOAL | |
| Nome pessoal | Pinheiro, Marayana Prado |
| 100 ## - ENTRADA PRINCIPAL - NOME PESSOAL | |
| Nome pessoal | Oliveira Filho, Josafá Amaral de |
| 100 ## - ENTRADA PRINCIPAL - NOME PESSOAL | |
| Nome pessoal | França, Solange |
| 100 ## - ENTRADA PRINCIPAL - NOME PESSOAL | |
| Nome pessoal | Gomes, Fábio Pinto |
| 100 ## - ENTRADA PRINCIPAL - NOME PESSOAL | |
| Nome pessoal | Fiaschi, Pedro |
| 100 ## - ENTRADA PRINCIPAL - NOME PESSOAL | |
| Nome pessoal | Mielke, Marcelo Schramm |
| 245 ## - TÍTULO PRINCIPAL | |
| Título principal | Sobrevivência de plântulas, características fotossintéticas e crescimento de Discocarpus pedicellatus (Phyllanthaceae) |
| 500 ## - NOTA GERAL | |
| Nota geral | Publicação on-line; 38 ref.; 3 tables; 2 illus.; Summaries (En, Pt) |
| 942 ## - ADDED ENTRY ELEMENTS (KOHA) | |
| Koha item type | Analítica |
| 520 ## - NOTA DE RESUMO | |
| Nota de conteúdo | <br/><br/>Resumo<br/><br/>Discocarpus pedicellatus é uma espécie arbórea endêmica da Mata Atlântica que apresenta regeneração natural<br/>por meio da formação de bancos de plântulas, ocorrendo em populações com manchas de elevada densidade de<br/>árvores adultas nas florestas semidecíduas do sul da Bahia. Foram realizados dois estudos, um no campo e outro em<br/>casa de vegetação, visando analisar a sobrevivência de plântulas e os efeitos do sombreamento nas características<br/>fotossintéticas e no crescimento de plantas jovens de D. pedicellatus. No início das avaliações no campo a densidade<br/>de plântulas foi muita elevada, em torno de 700 plântulas m-2. Ao final de dois anos esses valores variavam entre 5 e<br/>190 plântulas m-2, sendo raros os indivíduos que apresentavam folhas verdadeiras. Em casa de vegetação, os valores<br/>da taxa fotossintética líquida em saturação de radiação luminosa (Amax), da irradiância de compensação (Ic), da taxa<br/>de respiração no escuro (Rd), da taxa de crescimento relativo (TCR) e da taxa assimilatória líquida (TAL), indicam<br/>que essa espécie apresenta crescimento lento, típico de espécies que regeneram no interior de florestas com dossel<br/>fechado. Além disso, com o aumento do sombreamento observou-se uma diminuição significativa da Rd, indicando<br/>que a sobrevivência no sub-bosque está associada com baixas taxas metabólicas e de crescimento. Os resultados<br/>obtidos indicam que a estratégia de regeneração por bancos de plântulas e a capacidade de ajustar o seu metabolismo<br/>em função da radiação luminosa disponível são fatores importantes para o estabelecimento de populações de D.<br/>pedicellatus com manchas de elevada densidade populacional nas florestas semidecíduas do sul da Bahia.<br/><br/>Palavras-chave: Mata Atlântica, fotografias hemisféricas, tolerância a sombra.<br/><br/><br/><br/><br/>Abstract<br/><br/>Discocarpus pedicellatus is an endemic tree species in the Atlantic Forest. It presents natural regeneration from<br/>seedling banks and populations with patches of high-density of adult trees in the semideciduous forests of southern<br/>Bahia, Brazil. Two studies were conducted, in the field and under greenhouse conditions, aiming to analyze seedling<br/>survival and the effects of shade on growth and on photosynthetic characteristics of D. pedicellatus saplings.<br/>In the field, the density of seedlings was very high at the beginning of the study, in some cases exceeding 700<br/>seedlings m-2. After two years of observations, density values were between 5 and 190 seedlings m-2 and few<br/>individuals showed the first true leaves. In greenhouse, the results obtained for light-saturated net photosynthetic<br/>rate (Amax), the compensation irradiance (Ic), the dark respiration rate (Rd), the relative growth rate (TCR) and<br/>the net assimilation rate (TAL), suggest that this species presents slow growth, typical of species that regenerate<br/>in the understory of mature forests under closed canopies. Also, in response to increase in shading there was a<br/>significant decrease in Rd, indicating that the survival in the forest understory may be associated to low metabolic<br/>and growth rates. The results indicate that the regeneration strategy by seedling banks and the ability to adjust their<br/>metabolism in response to the low available light radiation are important factors that explain the establishment<br/>of high-population density patches of D. pedicellatus in the semideciduous forests of southern Bahia, Brazil.<br/><br/>Key words: Atlantic rainforest, hemispherical photographs, shade tolerance. |
| 650 ## - ASSUNTO - THESAGRO | |
| Cabeçalho tópico ou nome geográfico | MATA ATLÂNTICA |
| 650 ## - ASSUNTO - THESAGRO | |
| Cabeçalho tópico ou nome geográfico | FOTOGRAFIA |
| 650 ## - ASSUNTO - THESAGRO | |
| Cabeçalho tópico ou nome geográfico | SOMBREAMENTO |
| 773 0# - ENTRADA ANALÍTICA | |
| Host Biblionumber | 709 |
| Registro do item | 348214 |
| Imprenta | Rio de Janeiro-RJ Jardim Botanico do Rio de Janeiro 1935 |
| Outro identificador | 2025-0703 |
| Título | Rodriguésia (Brazil) |
| ISSN | 0370-6583; 2175-7860 on-line |
| Colação | v. 64(1) p. 001-010; (2013) |
| Número de controle de registro | BR2024004042 |
| 856 ## - ACESSO E ENDEREÇO ELETRÔNICO | |
| Identificador uniforme de recurso - URI | https://www.scielo.br/j/rod/a/5Mttc3V6QM4nMRbFjHkvVTC/?format=pdf&lang=pt |
Nenhum exemplar disponível.

BINAGRI